The art of binding books

Bibliographic Details
Format: Book
Language:English
Subjects:

MARC

LEADER 00000cam a2200000 7i4500
001 0000026464
005 20150929.0
008 150915s my # eng
040 |a INS 
090 0 0 |a KK429 
245 1 4 |a The art of binding books 
300 |a v. ( Various paging ) :   |b ill., pic. ;   |c 30cm. 
650 0 |a Bookbinding 
999 |a KK00000962   |b BOOK   |c Project papers   |e Default branch